| 000 | 00453nam a22001697a 4500 | ||
|---|---|---|---|
| 003 | OSt | ||
| 008 | 250205b |||||||| |||| 00| 0 eng d | ||
| 041 | _aeng | ||
| 082 |
_a621.8 _bBAN/ME |
||
| 100 |
_aBanga, TR _97082 |
||
| 245 | _aMechanical Engineering Handbook (Text Book for Engineering Students) | ||
| 250 | _a2nd | ||
| 260 |
_aDelhi: _bKhanna Publishers, _c1991. |
||
| 300 | _a803p. | ||
| 700 |
_aManghnani, T and Sharma, SC _97083 |
||
| 942 | _cBK | ||
| 999 |
_c19311 _d19311 |
||